000
00334nam a2200157Ia 4500
100
_a
Patnaik/Srikanta
650
_a
Robot
942
_c
BK
366
_f
20
654
_a
robot
245
_a
Robot cognition and Navigation
260
_b
Springer
_a
Mumbai
_c
2007
082
_a
629.392/PAT
_b
PAT
300
_a
288
546
_a
ENGLISH
999
_c
29554
_d
29554